[Event "TUR-chT 2nd League"]
[Site "Konya"]
[Date "2018.07.22"]
[Round "9.11"]
[White "Aslan, Ceylan"]
[Black "Cakal, Edanur"]
[Result "1-0"]
[WhiteElo "1291"]
[BlackElo "1229"]
[PlyCount "93"]
[EventDate "2018.07.16"]
[EventType "team-swiss"]
[EventRounds "9"]
[EventCountry "TUR"]
[SourceTitle "EXT 2019"]
[Source "ChessBase"]
[SourceDate "2018.10.10"]
[SourceVersion "1"]
[SourceVersionDate "2018.10.10"]
[SourceQuality "1"]
[WhiteTeam "Cesme Belediye"]
[BlackTeam "Altin Hamle Corum"]
[WhiteTeamCountry "TUR"]
[BlackTeamCountry "TUR"]

1. e4 c5 2. Nf3 d6 3. Bc4 Nf6 4. Nc3 a6 5. a3 e6 6. d3 Be7 7. Be3 0-0 8. 0-0 b5 9. Bb3 Bb7 10. Ne2 Nbd7 11. c3 Rc8 12. Bc2 Ng4 13. Bd2 d5 14. Ng3 dxe4 15. dxe4 Nb6 16. h3 Nf6 17. Re1 Qc7 18. Qe2 Rfd8 19. Rad1 Nc4 20. Bc1 e5 21. Nd2 Na5 22. Nh5 Nc6 23. Nxf6+ Bxf6 24. Qg4 Rd7 25. Nf1 Rcd8 26. Ng3 Bc8 27. Qf3 c4 28. Nh5 Rd6 29. Qg3 g6 30. Nxf6+ Rxf6 31. Bg5 Rxd1 32. Bxd1 Re6 33. h4 f6 34. Bh6 Nd8 35. h5 g5 36. Bxg5 fxg5 37. Qxg5+ Kh8 38. Bg4 Nf7 39. Qh4 Rd6 40. Bxc8 Qxc8 41. Qe7 Kg8 42. Re3 Rd7 43. Rg3+ Ng5 44. Qxg5+ Kf7 45. Qf5+ Ke7 46. Qxe5+ Kf7 47. Rg7+ 1-0